000 00819cam a22002411 4500
001 agr33000510
003 DLC
005 20260227110953.0
008 770119s1933 gw a b 000 0 gerdc
010 _aagr33000510
035 _a(OCoLC)2686998
040 _aU.S. Dept. of Agr. Library
_cOOxM
_dOOxM
_dDLC
042 _apremarc
050 0 0 _aQK297
_b.A35
100 1 _aAichinger, Erwin.
245 1 0 _aVegetationskunde der Karawanken,
_cbearbeitet von Erwin Aichinger.
260 _aJena,
_bG. Fischer,
_c1933.
300 _axiii, 329, [1] p.
_billus., diagrs.
_c26 cm.
490 1 _aPflanzensoziologie. Eine Reihe vegetationskundlicher Gebietsmonographien,
_vBd. 2
504 _a"Literaturverzeichnis": p. [314]-329.
650 0 _aPlants
_zKarawanken (Austria and Slovenia)
830 0 _aPflanzensoziologie ;
_vBd. 2.
999 _c9584
_d9584